<?xml version="1.0" encoding="UTF-8"?>
<collection xmlns="http://www.loc.gov/MARC21/slim">
 <record>
  <leader>08083nas a22008651  4500</leader>
  <controlfield tag="001">1/50240</controlfield>
  <controlfield tag="008">020404c19479999dcuqr1p       0   a0eng d</controlfield>
  <datafield tag="022" ind1=" " ind2=" ">
   <subfield code="a">0003-1305</subfield>
  </datafield>
  <datafield tag="035" ind1=" " ind2=" ">
   <subfield code="l">23412</subfield>
  </datafield>
  <datafield tag="040" ind1=" " ind2=" ">
   <subfield code="a">DLC</subfield>
   <subfield code="b">GR-PeUP</subfield>
  </datafield>
  <datafield tag="090" ind1=" " ind2=" ">
   <subfield code="a">Αλφαβητική σειρά</subfield>
  </datafield>
  <datafield tag="245" ind1="0" ind2="4">
   <subfield code="a">The American statistician.</subfield>
  </datafield>
  <datafield tag="260" ind1=" " ind2=" ">
   <subfield code="a">Washington ;</subfield>
   <subfield code="b">American Statistical Association,</subfield>
   <subfield code="c">1947-</subfield>
  </datafield>
  <datafield tag="300" ind1=" " ind2=" ">
   <subfield code="a">v. ,</subfield>
   <subfield code="b">ill ;</subfield>
   <subfield code="c">29 cm.</subfield>
  </datafield>
  <datafield tag="310" ind1=" " ind2=" ">
   <subfield code="a">Quarterly.</subfield>
  </datafield>
  <datafield tag="362" ind1="0" ind2=" ">
   <subfield code="a">Vol.56, no.1(Feb. 2002)-v.56, no.4(Nov. 2002).</subfield>
  </datafield>
  <datafield tag="650" ind1=" " ind2="4">
   <subfield code="a">Statistics</subfield>
   <subfield code="v">Periodicals.</subfield>
  </datafield>
  <datafield tag="710" ind1="2" ind2=" ">
   <subfield code="a">American Statistical Association.</subfield>
  </datafield>
  <datafield tag="852" ind1=" " ind2=" ">
   <subfield code="a">INST</subfield>
   <subfield code="b">UNIPILB</subfield>
   <subfield code="c">SERIALS</subfield>
   <subfield code="e">20041026</subfield>
   <subfield code="h">Αλφαβητική σειρά</subfield>
   <subfield code="p">37133</subfield>
   <subfield code="q">37133</subfield>
   <subfield code="t">NOLOAN</subfield>
   <subfield code="v">vol.57;no.1:(Μήνας)Feb.;(Έτος)2003</subfield>
   <subfield code="y">23</subfield>
  </datafield>
  <datafield tag="852" ind1=" " ind2=" ">
   <subfield code="a">INST</subfield>
   <subfield code="b">UNIPILB</subfield>
   <subfield code="c">SERIALS</subfield>
   <subfield code="e">20041026</subfield>
   <subfield code="h">Αλφαβητική σειρά</subfield>
   <subfield code="p">37134</subfield>
   <subfield code="q">37134</subfield>
   <subfield code="t">NOLOAN</subfield>
   <subfield code="v">vol.57;no.2:(Μήνας)May;(Έτος)2003</subfield>
   <subfield code="y">23</subfield>
  </datafield>
  <datafield tag="852" ind1=" " ind2=" ">
   <subfield code="a">INST</subfield>
   <subfield code="b">UNIPILB</subfield>
   <subfield code="c">SERIALS</subfield>
   <subfield code="e">20041026</subfield>
   <subfield code="h">Αλφαβητική σειρά</subfield>
   <subfield code="p">37135</subfield>
   <subfield code="q">37135</subfield>
   <subfield code="t">NOLOAN</subfield>
   <subfield code="v">vol.57;no.3:(Μήνας)August;(Έτος)2003</subfield>
   <subfield code="y">23</subfield>
  </datafield>
  <datafield tag="852" ind1=" " ind2=" ">
   <subfield code="a">INST</subfield>
   <subfield code="b">UNIPILB</subfield>
   <subfield code="c">SERIALS</subfield>
   <subfield code="e">20041026</subfield>
   <subfield code="h">Αλφαβητική σειρά</subfield>
   <subfield code="p">37136</subfield>
   <subfield code="q">37136</subfield>
   <subfield code="t">NOLOAN</subfield>
   <subfield code="v">vol.57;no.4:(Μήνας)November;(Έτος)2003</subfield>
   <subfield code="y">23</subfield>
  </datafield>
  <datafield tag="852" ind1=" " ind2=" ">
   <subfield code="a">INST</subfield>
   <subfield code="b">UNIPILB</subfield>
   <subfield code="c">SERIALS</subfield>
   <subfield code="e">20050405</subfield>
   <subfield code="h">Αλφαβητική σειρά</subfield>
   <subfield code="p">42126</subfield>
   <subfield code="q">42126</subfield>
   <subfield code="t">NOLOAN</subfield>
   <subfield code="v">vol.58;no.1:(Μήνας)February;(Έτος)2004</subfield>
   <subfield code="y">23</subfield>
  </datafield>
  <datafield tag="852" ind1=" " ind2=" ">
   <subfield code="a">INST</subfield>
   <subfield code="b">UNIPILB</subfield>
   <subfield code="c">SERIALS</subfield>
   <subfield code="e">20050405</subfield>
   <subfield code="h">Αλφαβητική σειρά</subfield>
   <subfield code="p">42127</subfield>
   <subfield code="q">42127</subfield>
   <subfield code="t">NOLOAN</subfield>
   <subfield code="v">vol.58;no.2:(Μήνας)May;(Έτος)2004</subfield>
   <subfield code="y">23</subfield>
  </datafield>
  <datafield tag="852" ind1=" " ind2=" ">
   <subfield code="a">INST</subfield>
   <subfield code="b">UNIPILB</subfield>
   <subfield code="c">SERIALS</subfield>
   <subfield code="e">20050405</subfield>
   <subfield code="h">Αλφαβητική σειρά</subfield>
   <subfield code="p">42128</subfield>
   <subfield code="q">42128</subfield>
   <subfield code="t">NOLOAN</subfield>
   <subfield code="v">vol.58;no.4:(Μήνας)November;(Έτος)2004</subfield>
   <subfield code="y">23</subfield>
  </datafield>
  <datafield tag="852" ind1=" " ind2=" ">
   <subfield code="a">INST</subfield>
   <subfield code="b">UNIPILB</subfield>
   <subfield code="c">SERIALS</subfield>
   <subfield code="e">20051019</subfield>
   <subfield code="h">Αλφαβητική σειρά</subfield>
   <subfield code="p">47746</subfield>
   <subfield code="q">47746</subfield>
   <subfield code="t">NOLOAN</subfield>
   <subfield code="v">vol.58;no.3:(Μήνας)August;(Έτος)2004</subfield>
   <subfield code="y">23</subfield>
  </datafield>
  <datafield tag="852" ind1=" " ind2=" ">
   <subfield code="a">INST</subfield>
   <subfield code="b">UNIPILB</subfield>
   <subfield code="c">SERIALS</subfield>
   <subfield code="e">20051129</subfield>
   <subfield code="h">Αλφαβητική σειρά</subfield>
   <subfield code="p">48885</subfield>
   <subfield code="q">48885</subfield>
   <subfield code="t">NOLOAN</subfield>
   <subfield code="v">vol.59;no.1:(Μήνας)February;(Έτος)2005</subfield>
   <subfield code="y">23</subfield>
  </datafield>
  <datafield tag="852" ind1=" " ind2=" ">
   <subfield code="a">INST</subfield>
   <subfield code="b">UNIPILB</subfield>
   <subfield code="c">SERIALS</subfield>
   <subfield code="e">20051129</subfield>
   <subfield code="h">Αλφαβητική σειρά</subfield>
   <subfield code="p">48886</subfield>
   <subfield code="q">48886</subfield>
   <subfield code="t">NOLOAN</subfield>
   <subfield code="v">vol.59;no.2:(Μήνας)May;(Έτος)2005</subfield>
   <subfield code="y">23</subfield>
  </datafield>
  <datafield tag="852" ind1=" " ind2=" ">
   <subfield code="a">INST</subfield>
   <subfield code="b">UNIPILB</subfield>
   <subfield code="c">SERIALS</subfield>
   <subfield code="e">20051129</subfield>
   <subfield code="h">Αλφαβητική σειρά</subfield>
   <subfield code="p">48887</subfield>
   <subfield code="q">48887</subfield>
   <subfield code="t">NOLOAN</subfield>
   <subfield code="v">vol.59;no.3:(Μήνας)August;(Έτος)2005</subfield>
   <subfield code="y">23</subfield>
  </datafield>
  <datafield tag="852" ind1=" " ind2=" ">
   <subfield code="a">INST</subfield>
   <subfield code="b">UNIPILB</subfield>
   <subfield code="c">SERIALS</subfield>
   <subfield code="e">20051129</subfield>
   <subfield code="h">Αλφαβητική σειρά</subfield>
   <subfield code="p">48888</subfield>
   <subfield code="q">48888</subfield>
   <subfield code="t">NOLOAN</subfield>
   <subfield code="v">vol.59;no.4:(Μήνας)November;(Έτος)2005</subfield>
   <subfield code="y">23</subfield>
  </datafield>
  <datafield tag="852" ind1=" " ind2=" ">
   <subfield code="a">INST</subfield>
   <subfield code="b">UNIPILB</subfield>
   <subfield code="c">SERIALS</subfield>
   <subfield code="e">20070910</subfield>
   <subfield code="h">Αλφαβητική σειρά</subfield>
   <subfield code="p">56852</subfield>
   <subfield code="q">56852</subfield>
   <subfield code="t">NOLOAN</subfield>
   <subfield code="v">vol.60;no.1:(Μήνας)February;(Έτος)2006</subfield>
   <subfield code="y">23</subfield>
  </datafield>
  <datafield tag="852" ind1=" " ind2=" ">
   <subfield code="a">INST</subfield>
   <subfield code="b">UNIPILB</subfield>
   <subfield code="c">SERIALS</subfield>
   <subfield code="e">20071019</subfield>
   <subfield code="h">Αλφαβητική σειρά</subfield>
   <subfield code="p">57703</subfield>
   <subfield code="q">57703</subfield>
   <subfield code="t">NOLOAN</subfield>
   <subfield code="v">vol.61;no.1:(Μήνας)February;(Έτος)2007</subfield>
   <subfield code="y">23</subfield>
  </datafield>
  <datafield tag="852" ind1=" " ind2=" ">
   <subfield code="a">INST</subfield>
   <subfield code="b">UNIPILB</subfield>
   <subfield code="c">SERIALS</subfield>
   <subfield code="e">20071019</subfield>
   <subfield code="h">Αλφαβητική σειρά</subfield>
   <subfield code="p">57704</subfield>
   <subfield code="q">57704</subfield>
   <subfield code="t">NOLOAN</subfield>
   <subfield code="v">vol.61;no.2:(Μήνας)May;(Έτος)2007</subfield>
   <subfield code="y">23</subfield>
  </datafield>
  <datafield tag="852" ind1=" " ind2=" ">
   <subfield code="a">INST</subfield>
   <subfield code="b">UNIPILB</subfield>
   <subfield code="c">SERIALS</subfield>
   <subfield code="e">20071019</subfield>
   <subfield code="h">Αλφαβητική σειρά</subfield>
   <subfield code="p">57705</subfield>
   <subfield code="q">57705</subfield>
   <subfield code="t">NOLOAN</subfield>
   <subfield code="v">vol.61;no.3:(Μήνας)August;(Έτος)2007</subfield>
   <subfield code="y">23</subfield>
  </datafield>
  <datafield tag="852" ind1=" " ind2=" ">
   <subfield code="a">INST</subfield>
   <subfield code="b">UNIPILB</subfield>
   <subfield code="c">SERIALS</subfield>
   <subfield code="e">20071023</subfield>
   <subfield code="h">Αλφαβητική σειρά</subfield>
   <subfield code="p">57856</subfield>
   <subfield code="q">57856</subfield>
   <subfield code="t">NOLOAN</subfield>
   <subfield code="v">vol.60;no.2:(Μήνας)May;(Έτος)2006</subfield>
   <subfield code="y">23</subfield>
  </datafield>
  <datafield tag="852" ind1=" " ind2=" ">
   <subfield code="a">INST</subfield>
   <subfield code="b">UNIPILB</subfield>
   <subfield code="c">SERIALS</subfield>
   <subfield code="e">20071023</subfield>
   <subfield code="h">Αλφαβητική σειρά</subfield>
   <subfield code="p">57857</subfield>
   <subfield code="q">57857</subfield>
   <subfield code="t">NOLOAN</subfield>
   <subfield code="v">vol.60;no.3:(Μήνας)August;(Έτος)2006</subfield>
   <subfield code="y">23</subfield>
  </datafield>
  <datafield tag="852" ind1=" " ind2=" ">
   <subfield code="a">INST</subfield>
   <subfield code="b">UNIPILB</subfield>
   <subfield code="c">SERIALS</subfield>
   <subfield code="e">20071023</subfield>
   <subfield code="h">Αλφαβητική σειρά</subfield>
   <subfield code="p">57858</subfield>
   <subfield code="q">57858</subfield>
   <subfield code="t">NOLOAN</subfield>
   <subfield code="v">vol.60;no.4:(Μήνας)November;(Έτος)2006</subfield>
   <subfield code="y">23</subfield>
  </datafield>
  <datafield tag="852" ind1=" " ind2=" ">
   <subfield code="a">INST</subfield>
   <subfield code="b">UNIPILB</subfield>
   <subfield code="c">SERIALS</subfield>
   <subfield code="e">20071120</subfield>
   <subfield code="h">Αλφαβητική σειρά</subfield>
   <subfield code="p">58467</subfield>
   <subfield code="q">58467</subfield>
   <subfield code="t">NOLOAN</subfield>
   <subfield code="v">vol.61;no.4:(Μήνας)November;(Έτος)2007</subfield>
   <subfield code="y">23</subfield>
  </datafield>
  <datafield tag="852" ind1=" " ind2=" ">
   <subfield code="a">INST</subfield>
   <subfield code="b">UNIPILB</subfield>
   <subfield code="c">SERIALS</subfield>
   <subfield code="e">20091030</subfield>
   <subfield code="h">Αλφαβητική σειρά</subfield>
   <subfield code="p">65146</subfield>
   <subfield code="q">65146</subfield>
   <subfield code="t">NOLOAN</subfield>
   <subfield code="v">vol.63;no.3:(Μήνας)August;(Έτος)2009</subfield>
   <subfield code="y">23</subfield>
  </datafield>
  <datafield tag="852" ind1=" " ind2=" ">
   <subfield code="a">INST</subfield>
   <subfield code="b">UNIPILB</subfield>
   <subfield code="c">SERIALS</subfield>
   <subfield code="e">20091030</subfield>
   <subfield code="h">Αλφαβητική σειρά</subfield>
   <subfield code="p">65154</subfield>
   <subfield code="q">65154</subfield>
   <subfield code="t">NOLOAN</subfield>
   <subfield code="v">vol.63;no.1:(Μήνας)February;(Έτος)2009</subfield>
   <subfield code="y">23</subfield>
  </datafield>
  <datafield tag="852" ind1=" " ind2=" ">
   <subfield code="a">INST</subfield>
   <subfield code="b">UNIPILB</subfield>
   <subfield code="c">SERIALS</subfield>
   <subfield code="e">20091102</subfield>
   <subfield code="h">Αλφαβητική σειρά</subfield>
   <subfield code="p">65171</subfield>
   <subfield code="q">65171</subfield>
   <subfield code="t">NOLOAN</subfield>
   <subfield code="v">vol.63;no.2:(Μήνας)May;(Έτος)2009</subfield>
   <subfield code="y">23</subfield>
  </datafield>
  <datafield tag="852" ind1=" " ind2=" ">
   <subfield code="a">INST</subfield>
   <subfield code="b">UNIPILB</subfield>
   <subfield code="c">SERIALS</subfield>
   <subfield code="e">20100830</subfield>
   <subfield code="h">Αλφαβητική σειρά</subfield>
   <subfield code="p">69713</subfield>
   <subfield code="q">69713</subfield>
   <subfield code="t">NOLOAN</subfield>
   <subfield code="v">vol.64;no.1:(Μήνας)February;(Έτος)2010</subfield>
   <subfield code="y">23</subfield>
  </datafield>
  <datafield tag="852" ind1=" " ind2=" ">
   <subfield code="a">INST</subfield>
   <subfield code="b">UNIPILB</subfield>
   <subfield code="c">SERIALS</subfield>
   <subfield code="e">20100830</subfield>
   <subfield code="h">Αλφαβητική σειρά</subfield>
   <subfield code="p">69714</subfield>
   <subfield code="q">69714</subfield>
   <subfield code="t">NOLOAN</subfield>
   <subfield code="v">vol.64;no.2:(Μήνας)May;(Έτος)2010</subfield>
   <subfield code="y">23</subfield>
  </datafield>
  <datafield tag="852" ind1=" " ind2=" ">
   <subfield code="a">INST</subfield>
   <subfield code="b">UNIPILB</subfield>
   <subfield code="c">SERIALS</subfield>
   <subfield code="e">20100909</subfield>
   <subfield code="h">Αλφαβητική σειρά</subfield>
   <subfield code="p">69807</subfield>
   <subfield code="q">69807</subfield>
   <subfield code="t">NOLOAN</subfield>
   <subfield code="v">vol.64;no.3:(Μήνας)August;(Έτος)2010</subfield>
   <subfield code="y">23</subfield>
  </datafield>
  <datafield tag="852" ind1=" " ind2=" ">
   <subfield code="a">INST</subfield>
   <subfield code="b">UNIPILB</subfield>
   <subfield code="c">SERIALS</subfield>
   <subfield code="e">20110209</subfield>
   <subfield code="h">Αλφαβητική σειρά</subfield>
   <subfield code="p">71094</subfield>
   <subfield code="q">71094</subfield>
   <subfield code="t">NOLOAN</subfield>
   <subfield code="v">vol.64;no.4:(Μήνας)November;(Έτος)2010</subfield>
   <subfield code="y">23</subfield>
  </datafield>
  <datafield tag="852" ind1=" " ind2=" ">
   <subfield code="a">INST</subfield>
   <subfield code="b">UNIPILB</subfield>
   <subfield code="c">SERIALS</subfield>
   <subfield code="e">20110912</subfield>
   <subfield code="h">Αλφαβητική σειρά</subfield>
   <subfield code="p">72673</subfield>
   <subfield code="q">72673</subfield>
   <subfield code="t">NOLOAN</subfield>
   <subfield code="v">vol.65;no.2:(Μήνας)May;(Έτος)2011</subfield>
   <subfield code="y">23</subfield>
  </datafield>
  <datafield tag="852" ind1=" " ind2=" ">
   <subfield code="a">INST</subfield>
   <subfield code="b">UNIPILB</subfield>
   <subfield code="c">SERIALS</subfield>
   <subfield code="e">20111125</subfield>
   <subfield code="h">Αλφαβητική σειρά</subfield>
   <subfield code="p">73551</subfield>
   <subfield code="q">73551</subfield>
   <subfield code="t">NOLOAN</subfield>
   <subfield code="v">vol.65;no.3:(Μήνας)August;(Έτος)2011</subfield>
   <subfield code="y">23</subfield>
  </datafield>
  <datafield tag="852" ind1=" " ind2=" ">
   <subfield code="a">INST</subfield>
   <subfield code="b">UNIPILB</subfield>
   <subfield code="c">SERIALS</subfield>
   <subfield code="e">20120228</subfield>
   <subfield code="h">Αλφαβητική σειρά</subfield>
   <subfield code="p">74583</subfield>
   <subfield code="q">74583</subfield>
   <subfield code="t">NOLOAN</subfield>
   <subfield code="v">vol.65;no.4:(Μήνας)November;(Έτος)2011</subfield>
   <subfield code="y">23</subfield>
  </datafield>
  <datafield tag="852" ind1=" " ind2=" ">
   <subfield code="a">INST</subfield>
   <subfield code="b">UNIPILB</subfield>
   <subfield code="c">SERIALS</subfield>
   <subfield code="e">20120706</subfield>
   <subfield code="h">Αλφαβητική σειρά</subfield>
   <subfield code="p">75991</subfield>
   <subfield code="q">75991</subfield>
   <subfield code="t">NOLOAN</subfield>
   <subfield code="v">vol.66;no.1:(Μήνας)February;(Έτος)2012</subfield>
   <subfield code="y">23</subfield>
  </datafield>
  <datafield tag="852" ind1=" " ind2=" ">
   <subfield code="a">INST</subfield>
   <subfield code="b">UNIPILB</subfield>
   <subfield code="c">SERIALS</subfield>
   <subfield code="e">20120913</subfield>
   <subfield code="h">Αλφαβητική σειρά</subfield>
   <subfield code="p">76490</subfield>
   <subfield code="q">76490</subfield>
   <subfield code="t">NOLOAN</subfield>
   <subfield code="v">vol.66;no.2:(Μήνας)May;(Έτος)2012</subfield>
   <subfield code="y">23</subfield>
  </datafield>
  <datafield tag="852" ind1=" " ind2=" ">
   <subfield code="a">INST</subfield>
   <subfield code="b">UNIPILB</subfield>
   <subfield code="c">SERIALS</subfield>
   <subfield code="e">20121109</subfield>
   <subfield code="h">Αλφαβητική σειρά</subfield>
   <subfield code="p">77079</subfield>
   <subfield code="q">77079</subfield>
   <subfield code="t">NOLOAN</subfield>
   <subfield code="v">vol.66;no.3:(Μήνας)August;(Έτος)2012</subfield>
   <subfield code="y">23</subfield>
  </datafield>
  <datafield tag="852" ind1=" " ind2=" ">
   <subfield code="a">INST</subfield>
   <subfield code="b">UNIPILB</subfield>
   <subfield code="c">SERIALS</subfield>
   <subfield code="e">20130121</subfield>
   <subfield code="h">Αλφαβητική σειρά</subfield>
   <subfield code="p">77547</subfield>
   <subfield code="q">77547</subfield>
   <subfield code="t">NOLOAN</subfield>
   <subfield code="v">vol.66;no.4:(Μήνας)November;(Έτος)2012</subfield>
   <subfield code="y">23</subfield>
  </datafield>
  <datafield tag="852" ind1=" " ind2=" ">
   <subfield code="a">INST</subfield>
   <subfield code="b">UNIPILB</subfield>
   <subfield code="c">SERIALS</subfield>
   <subfield code="e">20131219</subfield>
   <subfield code="h">Αλφαβητική σειρά</subfield>
   <subfield code="p">81671</subfield>
   <subfield code="q">81671</subfield>
   <subfield code="t">NOLOAN</subfield>
   <subfield code="v">vol.67;no.1:(Μήνας)February;(Έτος)2013</subfield>
   <subfield code="y">23</subfield>
  </datafield>
  <datafield tag="852" ind1=" " ind2=" ">
   <subfield code="a">INST</subfield>
   <subfield code="b">UNIPILB</subfield>
   <subfield code="c">SERIALS</subfield>
   <subfield code="e">20131219</subfield>
   <subfield code="h">Αλφαβητική σειρά</subfield>
   <subfield code="p">81672</subfield>
   <subfield code="q">81672</subfield>
   <subfield code="t">NOLOAN</subfield>
   <subfield code="v">vol.67;no.2:(Μήνας)May;(Έτος)2013</subfield>
   <subfield code="y">23</subfield>
  </datafield>
  <datafield tag="852" ind1=" " ind2=" ">
   <subfield code="a">INST</subfield>
   <subfield code="b">UNIPILB</subfield>
   <subfield code="c">SERIALS</subfield>
   <subfield code="e">20131219</subfield>
   <subfield code="h">Αλφαβητική σειρά</subfield>
   <subfield code="p">81673</subfield>
   <subfield code="q">81673</subfield>
   <subfield code="t">NOLOAN</subfield>
   <subfield code="v">vol.67;no.3:(Μήνας)August;(Έτος)2013</subfield>
   <subfield code="y">23</subfield>
  </datafield>
  <datafield tag="852" ind1=" " ind2=" ">
   <subfield code="a">INST</subfield>
   <subfield code="b">UNIPILB</subfield>
   <subfield code="c">SERIALS</subfield>
   <subfield code="e">20140206</subfield>
   <subfield code="h">Αλφαβητική σειρά</subfield>
   <subfield code="p">81974</subfield>
   <subfield code="q">81974</subfield>
   <subfield code="t">NOLOAN</subfield>
   <subfield code="v">vol.67;no.4:(Μήνας)November;(Έτος)2013</subfield>
   <subfield code="y">23</subfield>
  </datafield>
  <datafield tag="856" ind1="4" ind2="1">
   <subfield code="u">http://amstat.tandfonline.com/loi/utas20</subfield>
  </datafield>
  <datafield tag="900" ind1=" " ind2=" ">
   <subfield code="a">Vol. 68 no. 1 (February 2014)</subfield>
   <subfield code="b">Οφειλόμενο</subfield>
   <subfield code="c">13/06/2017</subfield>
  </datafield>
  <datafield tag="900" ind1=" " ind2=" ">
   <subfield code="a">Vol. 62 no. 1 (February 2008)</subfield>
   <subfield code="b">Οφειλόμενο</subfield>
   <subfield code="c">05/04/2009</subfield>
  </datafield>
  <datafield tag="900" ind1=" " ind2=" ">
   <subfield code="a">Vol. 62 no. 2 (May 2008)</subfield>
   <subfield code="b">Οφειλόμενο</subfield>
   <subfield code="c">29/10/2009</subfield>
  </datafield>
  <datafield tag="900" ind1=" " ind2=" ">
   <subfield code="a">Vol. 62 no. 3 (August 2008)</subfield>
   <subfield code="b">Οφειλόμενο</subfield>
   <subfield code="c">29/10/2009</subfield>
  </datafield>
  <datafield tag="900" ind1=" " ind2=" ">
   <subfield code="a">Vol. 62 no. 4 (November 2008)</subfield>
   <subfield code="b">Οφειλόμενο</subfield>
   <subfield code="c">21/12/2009</subfield>
  </datafield>
  <datafield tag="900" ind1=" " ind2=" ">
   <subfield code="a">Vol. 63 no. 4 (November 2009)</subfield>
   <subfield code="b">Οφειλόμενο</subfield>
   <subfield code="c">12/01/2011</subfield>
  </datafield>
  <datafield tag="900" ind1=" " ind2=" ">
   <subfield code="a">Vol. 65 no. 1 (February 2011)</subfield>
   <subfield code="b">Οφειλόμενο</subfield>
   <subfield code="c">10/02/2012</subfield>
  </datafield>
  <datafield tag="950" ind1=" " ind2=" ">
   <subfield code="a">01/02/2003</subfield>
   <subfield code="c">ANACO Κ. ΑΝΑΓΝΩΣΤΟΥ Ε.Π.Ε., ΜΗΧΑΝΗΜΑΤΑ ΚΑΙ ΣΥΣΤΗΜΑΤΑ ΟΡΓΑΝΩΣΗΣ ΓΡΑΦΕΙΟΥ</subfield>
   <subfield code="d">17</subfield>
  </datafield>
  <datafield tag="951" ind1=" " ind2=" ">
   <subfield code="a">Vol. 67 no. 1 (February 2013) - Vol. 67 no. 4 (November 2013)</subfield>
   <subfield code="b">Main run</subfield>
  </datafield>
  <datafield tag="951" ind1=" " ind2=" ">
   <subfield code="a">Vol. 20 no. 1(Feb. 1966) -  (Vol. 55 no. 3(Aug. 2001)</subfield>
   <subfield code="b">Main run</subfield>
  </datafield>
  <datafield tag="951" ind1=" " ind2=" ">
   <subfield code="a">Vol. 56 no.1(Feb. 2002) -  (Vol. 56 no.4(Nov. 2002)</subfield>
   <subfield code="b">Main run</subfield>
  </datafield>
  <datafield tag="951" ind1=" " ind2=" ">
   <subfield code="a">Vol. 57 no. 1 (February 2003) - Vol. 60 no. 4 (November 2006)</subfield>
   <subfield code="b">Main run</subfield>
  </datafield>
  <datafield tag="951" ind1=" " ind2=" ">
   <subfield code="a">Vol. 61 no. 1 (February 2007) - Vol. 61 no. 4 (November 2007)</subfield>
   <subfield code="b">Main run</subfield>
  </datafield>
  <datafield tag="951" ind1=" " ind2=" ">
   <subfield code="a">Vol. 63 no. 1 (February 2009) - Vol. 63 no. 3 (August 2009)</subfield>
   <subfield code="b">Main run</subfield>
  </datafield>
  <datafield tag="951" ind1=" " ind2=" ">
   <subfield code="a">Vol. 64 no. 1 (February 2010) - Vol. 64 no. 4 (November 2010)</subfield>
   <subfield code="b">Main run</subfield>
  </datafield>
  <datafield tag="951" ind1=" " ind2=" ">
   <subfield code="a">Vol. 65 no. 2 (May 2011) - Vol. 65 no. 4 (November 2011)</subfield>
   <subfield code="b">Main run</subfield>
  </datafield>
  <datafield tag="951" ind1=" " ind2=" ">
   <subfield code="a">Vol. 66 no. 1 (February 2012) - Vol. 66 no. 4 (November 2012)</subfield>
   <subfield code="b">Main run</subfield>
  </datafield>
  <datafield tag="952" ind1=" " ind2=" ">
   <subfield code="a">24(2)1970 32(4)1978 34(5)1980 35(5)1981 42(4)1988 46(1-2)1992 54(4)2000 55(4)2001</subfield>
  </datafield>
 </record>
</collection>
